000 00892nam a2200253Ia 4500
003 OSt
005 20220923224609.0
006 a|||||r|||| 00| 0
007 ta
008 220922b |||||||| |||| 00| 0 hin d
020 _c187
024 _a245,231
037 _b367, 11/02/2011, Swaraj Prakashan
_cTextual
040 _aARTS
_cARTS
_bhin
041 _2hin
_ahin
082 _aX:3M24xM18:g, 152Q0
100 _aग्राम्शी, अंतोनियो
245 0 _aमाकर््सवाद की समस्याएं
246 _aMākarsavād kī samasyāean
260 _aनई दिल्ली
_b ग्रंथ शिल्पी
_c2010
300 _a115पृ.
_ccm.
942 _hX:3M24xM18:g, 152Q0
_cTEXL
_2CC
999 _c372405
_d372405